| 000 | 02616cam a22005298i 4500 | ||
|---|---|---|---|
| 003 | PE-LiUPU | ||
| 005 | 20250731172849.0 | ||
| 008 | 150602s2015 nju b 001 0 eng | ||
| 020 | _a047067329X (pbk.) | ||
| 020 | _a0470673303 (cloth) | ||
| 020 | _a9780470673294 (pbk.) | ||
| 020 | _a9780470673300 (cloth) | ||
| 035 | _a(Sirsi) i9780470673294 | ||
| 040 |
_aDLC _bspa _erda _cDLC _dBDX _dYDXCP _dOCLCF _dCDX _dWIO _dPE-LiUPU |
||
| 049 | _aPRUA | ||
| 082 | 0 | 0 |
_a253 _bM26 _223 |
| 100 | 1 |
_aMarkham, Ian S., _eautor. |
|
| 245 | 1 | 4 |
_aAn introduction to Ministry : _bA primer for renewed life and leadership in mainline protestant congregations / _cIan S. Markham and Oran Warder. |
| 264 | 1 |
_aHoboken : _bWiley, _c2015. |
|
| 300 |
_a284 páginas : _bilistraciones ; _c23 centímetros. |
||
| 336 |
_atext _btxt _2rdacontent |
||
| 337 |
_aunmediated _bn _2rdamedia |
||
| 338 |
_avolume _bnc _2rdacarrier |
||
| 504 | _aBibliografía : páginas 261-262. | ||
| 504 | _aIndice : páginas 277-284. | ||
| 505 | 0 | 0 |
_gSection I. _tExploring the World of Ministry : -- _g1. _tSensing the call -- _g2. _tThe imperative of training -- _g3. Church dynamics : exploring congregational culture -- _gSection II. _tCultivating the Skills for Effective Ministry : -- _g4. _tWorship and mainline ritual -- _g5. _tReading Scripture thoughtfully -- _g6. _tConnecting the theological dots -- _g7. _tChurch history -- _g8. _tPreaching the word -- _g9. Ethics in the mainline -- _g10. _tPastoral presence -- _g11. _tChristian education and formation -- _g12. _tMusic and hymnody -- _gSection III. _tLeading the People of God : -- _g13. _tProphetic leadership and social justice -- _g14. _tEvangelism and church growth -- _g15. _tLeading through change and conflict -- _g16. _tThe business of the church -- _g17. _tStewardship -- _g18. _tChristian apologetics -- _g19. _tMinisterial integrity |
| 526 | _aSEG42 | ||
| 526 | _aSEG41 | ||
| 526 | _aSEG40 | ||
| 526 | _aSEG39 | ||
| 526 | _aP94 | ||
| 526 | _aP87 | ||
| 526 | _aP86 | ||
| 526 | _aP85 | ||
| 526 | _aP77 | ||
| 526 | _aP76 | ||
| 526 | _aP35 | ||
| 650 | 0 | _aLa teología pastoral | |
| 700 | 1 |
_aWarden, Oran E., _eautor. |
|
| 910 |
_jck _bhop _chop _d20160607 |
||
| 942 |
_2ddc _cBOOK |
||
| 949 |
_a253 M26 _wDEWEY _c1 _i73251 _lCCODEBUL1 _mBUL _p33.00 _r0 _sY _tBOOK _u2016-6-7 _xTEOLOGIA _PP85 _0COMPRA _o.STAFF. Posgrado |
||
| 994 |
_aC0 _bPEPRU |
||
| 596 | _a1 | ||
| 999 |
_a253 M26 _wDEWEY _c9793 _i73251 _f2021-11-10 _g6 _lCCODEBUL1 _mBUL _p33.00 _r0 _sY _tBOOK _u2016-6-7 _xTEOLOGIA _PP85 _0COMPRA _o.STAFF. Posgrado _d9793 |
||
| 980 |
_81 _gALBERTO SANCHEZ Responsable de Automatización |
||